The Legend of Zelda: Breath of the Wild Key & Misc Items - Statistics

General Stats
  • This quiz has been taken 243 times
    223 since last reset
  • The average score is 17 of 36
Answer Stats
Category Answer % Correct
Divine Gift Mipha's Grace
83%
Divine Gift Daruk's Protection
82%
Divine Gift Revali's Gale
80%
Divine Gift Urbosa's Fury
80%
Rune Stasis
78%
Rune Magnesis
77%
Rune Camera
73%
Key Item Sheikah Slate
73%
Rune Cryonis
71%
Key Item Paraglider
66%
Rune Remote Bomb (Cube)
65%
Rune Remote Bomb (Sphere)
65%
Bridle DLC Ancient Bridle
59%
Saddle DLC Ancient Saddle
59%
Collective Item Korok Seeds
57%
Rune Amiibo
54%
Bridle Royal Bridle
52%
Saddle Royal Saddle
50%
Key Item Spirit Orb
50%
Bridle Monster Bridle
44%
Saddle Monster Saddle
44%
Misc Item Hestu's Gift
39%
Bridle Knight's Bridle
35%
Saddle Knight's Saddle
33%
Bridle DLC Traveler's Bridle
32%
Saddle DLC Traveler's Saddle
31%
Bridle Extravagant Bridle
28%
Saddle Extravagant Saddle
27%
Quest Item Hestu's Maracas
25%
Medal Medal of Honor Hinox
18%
Medal Medal of Honor Molduga
18%
Medal Medal of Honor Talus
18%
Other Heart Container
17%
Misc Item Classified Envelope
11%
Pick Up Rupees
8%
Other Stamina Container (Vessel)
6%
No matching quizzes found
Score Distribution
Percent of People with Each Score
Percentile by Number Answered
Your Score History
You have not taken this quiz since the last reset